Statistics for Oldest Amusement Parks in the World

Click here to take the quiz!

General Stats

  • This quiz has been taken 9 times
  • The average score is 3 of 20

Answer Stats

LocationYear BuiltAnswer% Correct
Copenhagen, Denmark1843Tivoli
89%
Sandusky, OH, USA1870Cedar Point
56%
Cincinnati, OH, USA1886Coney Island
44%
Vienna, Austria1766The Prater
33%
Klampenborg, Denmark1583Bakken
22%
Bowling Green, KY, USA1888Beech Bend Park
22%
Allentown, PA, USA1884Dorney Park
22%
Rochester, NY, USA1879Sea Breeze Amusement Park
22%
---, IA, USA1889Arnold's Park
11%
New Orleans, LA, USA1891Carousel Gardens
11%
Ventnor, UK1842Blackgang Chine Cliff Top Theme Park
0%
Blackpool, UK1868Blackpool Central Pier
0%
Clacton, UK1871Clacton Pier
0%
Teignmouth, UK1865Grand Pier
0%
Stockholm, Sweden1883Grona Lund Tivoli
0%
Tokyo, Japan1853Hanayashiki
0%
Ligonier, PA, USA1878Idlewild Park
0%
Paris, France1860Jardin d'Acclimatation
0%
Bristol, CT, USA1846Lake Compounce Amusement Park
0%
Skegness, UK1881Skegness Pier
0%

Score Distribution

Percentile by Number Answered

Percent of People with Each Score

Your Score History

You have not taken this quiz